World Map Without 35 Random Countries - Statistics

General Stats
  • This quiz has been taken 116 times
  • The average score is 32 of 35
Answers on the Map
Answers color-coded by a green-red scale on the quiz's map according to % correct below.
 
Answer Stats
Country % Correct
Afghanistan
100%
Angola
100%
Argentina
100%
Armenia
100%
Australia
100%
Austria
100%
Bahamas
100%
Belarus
100%
Bolivia
100%
Bosnia and Herzegovina
100%
Botswana
100%
Brazil
100%
Bulgaria
100%
Burkina Faso
100%
Canada
100%
Central African Republic
100%
Chad
100%
Chile
100%
China
100%
Croatia
100%
Cuba
100%
Czech Republic
100%
Denmark
100%
DR Congo
100%
Ecuador
100%
Egypt
100%
Ethiopia
100%
Finland
100%
France
100%
Germany
100%
Greece
100%
Guatemala
100%
Indonesia
100%
Iran
100%
Japan
100%
Kazakhstan
100%
Kenya
100%
Kiribati
100%
Kyrgyzstan
100%
Libya
100%
Lithuania
100%
Malawi
100%
Mexico
100%
Mongolia
100%
Morocco
100%
Mozambique
100%
Myanmar
100%
Namibia
100%
Nepal
100%
New Zealand
100%
Nicaragua
100%
Niger
100%
Nigeria
100%
North Macedonia
100%
Norway
100%
Oman
100%
Pakistan
100%
Panama
100%
Paraguay
100%
Peru
100%
Philippines
100%
Romania
100%
Russia
100%
Saudi Arabia
100%
Senegal
100%
South Africa
100%
South Korea
100%
South Sudan
100%
Spain
100%
Sri Lanka
100%
Suriname
100%
Switzerland
100%
Tanzania
100%
Thailand
100%
Togo
100%
Turkmenistan
100%
Ukraine
100%
United Kingdom
100%
United States
100%
Uruguay
100%
Uzbekistan
100%
Yemen
100%
Zambia
100%
Zimbabwe
100%
Bangladesh
94%
Costa Rica
94%
Guinea
94%
Italy
94%
Poland
94%
Liberia
93%
Serbia
93%
Sudan
93%
Colombia
92%
Gabon
92%
Ireland
92%
Latvia
92%
Mali
92%
Netherlands
92%
Palau
92%
Slovakia
92%
Slovenia
92%
Algeria
91%
Ghana
91%
Honduras
91%
India
91%
Iraq
91%
Lesotho
91%
North Korea
91%
Venezuela
91%
Eritrea
90%
Kosovo
90%
Malaysia
90%
Malta
90%
Mauritania
90%
Republic of the Congo
90%
Sweden
90%
Turkey
90%
Benin
89%
Tuvalu
89%
Dominican Republic
88%
Ivory Coast
88%
Jordan
88%
Madagascar
88%
Tonga
88%
Uganda
88%
Jamaica
87%
Solomon Islands
87%
Azerbaijan
86%
Guyana
86%
Hungary
86%
Laos
86%
Rwanda
86%
Tajikistan
86%
Vanuatu
84%
Belgium
83%
Cape Verde
83%
Cambodia
82%
Comoros
82%
Haiti
82%
Moldova
82%
Samoa
82%
Sierra Leone
82%
Vietnam
82%
Cameroon
80%
Seychelles
80%
United Arab Emirates
80%
Albania
79%
Kuwait
79%
Marshall Islands
79%
Taiwan
79%
Belize
78%
Somalia
78%
Portugal
77%
Israel
75%
Maldives
75%
FS Micronesia
73%
Sao Tome and Principe
73%
Tunisia
73%
Mauritius
71%
El Salvador
70%
Georgia
69%
Estonia
67%
Syria
67%
Guinea-Bissau
63%
Iceland
63%
Nauru
63%
Papua New Guinea
63%
Eswatini
62%
Fiji
60%
Equatorial Guinea
56%
Burundi
46%
No matching quizzes found
Score Distribution
Percent of People with Each Score
Percentile by Number Answered
Your Score History
You have not taken this quiz